000 00308nam a2200121Ia 4500
008 190216s9999||||xx |||||||||||||| ||und||
100 _aSimon Kuznets
245 0 _aEconomic Growth And Structure
260 _bOxford And Ibh Publishing Co. Pvt Ltd
_c1974
300 _a378p
650 _aEconomics
942 _cBK
999 _c9315
_d9315